Motorsport Team Dobšiná pred novou sezónou

Bibliographic Details
Main Author: Vozár, Pavol Ing (Author)
Format: Article
Language:Slovak
PhysicalDescription:Fotogr.
Subjects:

MARC

LEADER 00000nab a2200000 ar4500
001 vtls009288050
003 SK-MaSNL
005 20260305034145.0
008 080422c2008 xo mr|p|||||||000 b|slo
038 |a RVGKPD 
040 |a RVGKPD  |b slo  |c RVGKPD  |e AACR2 
041 |a slo 
044 |a xo  |c SK 
080 |a 796.712  |2 1997 
100 1 |a Vozár, Pavol  |c Ing.  |4 aut  |9 1548290 
245 1 0 |a Motorsport Team Dobšiná pred novou sezónou  |c Pavol Vozár 
300 |b Fotogr. 
610 2 7 |a Motorsport Team Dobšiná (Dobšiná, Slovensko)  |2 rvgkpd  |9 1615296 
650 0 7 |a automobilový šport  |2 rvgkpd  |9 3266 
651 7 |a Gočovo (Slovensko)  |2 rvgkpd  |9 58511 
651 7 |a Rožňava (Slovensko : okres)  |2 rvgkpd  |9 19215 
773 0 |t Dobšinské noviny  |g (marec 2008), s. 8 
852 |a RVGKPD  |b KIS3G 
992 |a RBX 
999 |c 3328128  |d 3330058